| 000 | 00601nam a22002057a 4500 | ||
|---|---|---|---|
| 008 | 150923b xxu||||| |||| 00| 0 eng d | ||
| 020 | _a0130082171 | ||
| 041 | 0 | _aeng | |
| 080 | _a658.15 | ||
| 245 | 0 | 0 |
_aManagement accounting / _cAnthony A. Atkinson, Robert S. Kaplan, S. Mark Young. |
| 250 | _a4th ed. | ||
| 260 |
_aUpper Saddle River, N.J. : _bPearson Prentice Hall, _c2004. |
||
| 300 |
_axxiv, 597 f. : _bme il.; _c26 cm. |
||
| 650 | 0 | _akontabilitet | |
| 650 | 0 | _aMenaxherial | |
| 700 | 1 | _aAtkinson, Anthony A. | |
| 700 | 1 | _aKaplan, Robert S. | |
| 700 | 1 | _aYoung, S. Mark. | |
| 942 |
_2udc _cBK |
||
| 999 |
_c1157 _d1157 |
||